|
|
|
|
| LEADER |
00000nab a2200000 ar4500 |
| 001 |
vtls008959162 |
| 003 |
SK-MaSNL |
| 005 |
20260303071035.0 |
| 008 |
070327c2007 xo |||||||||||000 b|slo |
| 015 |
|
|
|a SNBRB2007/03
|2 snkbucl
|
| 038 |
|
|
|a SNKBUCL
|
| 040 |
|
|
|a SNKBUCL
|b slo
|c SNKBUCL
|e AACR2
|
| 041 |
0 |
|
|a slo
|
| 044 |
|
|
|a xo
|c SK
|
| 080 |
|
|
|a 635.91
|2 1997
|
| 100 |
1 |
|
|a Šimko, Jozef
|4 aut
|9 267329
|
| 245 |
1 |
0 |
|a Orchidey
|b exotika v byte
|c Jozef Šimko
|
| 300 |
|
|
|b Fotogr.
|
| 650 |
0 |
7 |
|a izbové rastliny
|2 snkbucl
|9 1079
|
| 650 |
0 |
7 |
|a orchidey
|2 snkbucl
|9 59494
|
| 773 |
0 |
|
|t Záhradkár
|g Roč. XLIII, č. 1 (2007), s. 60-61
|x 0862-5565
|
| 852 |
|
|
|a SNK
|b KIS3GCP
|
| 999 |
|
|
|c 1758053
|d 1759983
|